Chemical elements ending with a vowel - Statistics

General Stats
  • This quiz has been taken 139 times
  • The average score is 5 of 9
Answer Stats
Vowel Element % Correct
E Chlorine
75%
E Iodine
74%
Y Antimony
67%
E Bromine
66%
E Fluorine
61%
E Astatine
53%
Y Mercury
52%
E Manganese
44%
E Tennessine
30%
No matching quizzes found
Score Distribution
Percent of People with Each Score
Percentile by Number Answered
Your Score History
You have not taken this quiz